[Event "POL-chT U20 2nd League"]
[Site "Sypniewo"]
[Date "2020.??.??"]
[Round "7.11"]
[White "Gaszka, Zuzanna"]
[Black "Lajdamik, Anna"]
[Result "1-0"]
[WhiteElo "1417"]
[BlackElo "1292"]
[PlyCount "97"]
[EventDate "2020.10.23"]
[EventType "team-swiss"]
[EventRounds "9"]
[EventCountry "POL"]
[SourceTitle "CBM 199 Extra"]
[Source "ChessBase"]
[SourceDate "2021.01.31"]
[SourceVersion "1"]
[SourceVersionDate "2021.01.31"]
[SourceQuality "1"]

1. d4 d5 2. c4 Bf5 3. cxd5 Bxb1 4. Rxb1 Qxd5 5. Nf3 Nc6 6. e3 e6 7. Bd2 Nf6 8. Qc2 Be7 9. Bc4 Qe4 10. Bd3 Qd5 11. 0-0 0-0 12. b4 a6 13. e4 Qd8 14. Bc3 h6 15. Rfd1 Re8 16. Qe2 Bf8 17. Bc2 Qe7 18. Qc4 Rad8 19. b5 axb5 20. Rxb5 Nb8 21. Rxb7 Rd7 22. Ne5 Rdd8 23. Rxc7 Nfd7 24. Nxd7 Rxd7 25. Rxd7 Nxd7 26. Bb3 Nb6 27. Qd3 Qb7 28. Qf3 Rc8 29. Bd2 Nc4 30. Bxc4 Rxc4 31. Bc3 Bb4 32. Bxb4 Qxb4 33. Qe3 e5 34. dxe5 Rxe4 35. Qd3 Re1+ 36. Rxe1 Qxe1+ 37. Qf1 Qxe5 38. g3 Qb2 39. Qc4 Qa3 40. Qc8+ Kh7 41. Qc2+ Kg8 42. Qb3 Qxb3 43. axb3 Kf8 44. Kg2 Ke7 45. Kf3 Kd6 46. Ke4 Kc5 47. Kd3 Kb4 48. Kc2 h5 49. f4 1-0

[Event "POL-chT U20 2nd League"]
[Site "Sypniewo"]
[Date "2020.??.??"]
[Round "3.24"]
[White "Tim, Anna"]
[Black "Lajdamik, Anna"]
[Result "1-0"]
[WhiteElo "1237"]
[BlackElo "1292"]
[PlyCount "97"]
[EventDate "2020.10.23"]
[EventType "team-swiss"]
[EventRounds "9"]
[EventCountry "POL"]
[SourceTitle "CBM 199 Extra"]
[Source "ChessBase"]
[SourceDate "2021.01.31"]
[SourceVersion "1"]
[SourceVersionDate "2021.01.31"]
[SourceQuality "1"]

1. d4 d5 2. c4 Bf5 3. Nc3 e6 4. Nf3 c6 5. Bf4 Nf6 6. cxd5 exd5 7. e3 Bd6 8. Bxd6 Qxd6 9. Bd3 Bxd3 10. Qxd3 Nbd7 11. 0-0 0-0 12. Rfc1 Rae8 13. Qc2 Ne4 14. Qa4 f5 15. Ne2 a6 16. Nf4 g5 17. Nd3 f4 18. exf4 gxf4 19. Nde5 Nxe5 20. Nxe5 Re7 21. Qc2 Nf6 22. f3 Nd7 23. Nxd7 Qxd7 24. Re1 Rfe8 25. Rxe7 Rxe7 26. Qd2 Re3 27. Re1 Qe7 28. Kf2 Qh4+ 29. Kf1 Kf7 30. Rxe3 fxe3 31. Qxe3 Qxh2 32. Qe5 Qxe5 33. dxe5 Ke6 34. f4 d4 35. Ke2 h5 36. Kd3 Kd5 37. e6 Kxe6 38. Kxd4 h4 39. Ke4 b5 40. f5+ Kf6 41. b4 Kf7 42. Ke5 Ke7 43. f6+ Kf7 44. Kf5 Kf8 45. Ke6 Ke8 46. f7+ Kf8 47. Kf6 h3 48. gxh3 a5 49. bxa5 1-0